Buy-to-let tax guide (Record no. 112403)

MARC details
000 -LEADER
fixed length control field 00856cad a22002055a 4500
001 - CONTROL NUMBER
control field L153157
008 - FIXED-LENGTH DATA ELEMENTS--GENERAL INFORMATION
fixed length control field 110615s2011 xxk f 000 0 eng d
035 ## - SYSTEM CONTROL NUMBER
System control number (Sirsi) u153157
041 0# - LANGUAGE CODE
Language code of text/sound track or separate title eng
050 04 - LIBRARY OF CONGRESS CALL NUMBER
Classification number 336.2 $2 18
110 2# - MAIN ENTRY--CORPORATE NAME
Corporate name or jurisdiction name as entry element Perrys
9 (RLIN) 5952
245 00 - TITLE STATEMENT
Title Buy-to-let tax guide
Medium [electronic resource]
260 ## - PUBLICATION, DISTRIBUTION, ETC.
Place of publication, distribution, etc. Solihull
Name of publisher, distributor, etc. Paragon Mortgages
Date of publication, distribution, etc. 2011
520 ## - SUMMARY, ETC.
Summary, etc. Highlights taxations issues for professional buy-to-let investors from point of purchase through to sale. Includes information on income tax, submitting annual tax returns and capital gains tax.
590 ## - LOCAL NOTE (RLIN)
Local note KA NTK
651 #4 - SUBJECT ADDED ENTRY--GEOGRAPHIC NAME
Geographic name UNITED KINGDOM
690 ## - LOCAL SUBJECT ADDED ENTRY--TOPICAL TERM (OCLC, RLIN)
Topical term or geographic name as entry element PROPERTY-PROPERTY TAXATION
856 40 - ELECTRONIC LOCATION AND ACCESS
Uniform Resource Identifier <a href="https://www.paragon-mortgages.co.uk/Files/PMLGeneric/Literature/Information/BTL%20Tax%20Guide_web.pdf">https://www.paragon-mortgages.co.uk/Files/PMLGeneric/Literature/Information/BTL%20Tax%20Guide_web.pdf</a>
Public note View the item free of charge at www.paragon-mortgages.co.uk
942 ## - ADDED ENTRY ELEMENTS (KOHA)
Suppress in OPAC 0
Holdings
Withdrawn status Lost status Source of classification or shelving scheme Damaged status Not for loan Home library Current library Shelving location Date acquired Total Checkouts Full call number Barcode Date last seen Copy number Price effective from Koha item type
    Dewey Decimal Classification     Virtual Virtual Online 15/06/2011   ONLINE PUBLICATION 153157-2001 06/08/2019 1 06/08/2019 Book